| 000 | 00677mam a2200181 a 4500 | ||
|---|---|---|---|
| 020 | _a9054106689 | ||
| 082 |
_a624.15136 _bREM _cl-40, p-03 |
||
| 245 | 0 | 0 |
_aRemedial measures against soil liquefaction ; _bfrom investigation and design to implementation / _cedited by the Japanese Geotechnical Society. |
| 260 |
_aRotterdam ; _aBrookfield, VT : _bA.A. Balkema, _c1998. |
||
| 300 |
_axiv,443 p. : _bill. ; _c26 cm. |
||
| 500 | _aOriginally published in Japanese in 1993. | ||
| 526 |
_a0 _b0 _c0 _d624_151360000000000_REM |
||
| 650 | 0 | _aEarthquake engineering. | |
| 650 | 0 |
_aMCE _9379 |
|
| 650 | 0 |
_aSoil liquefaction. _924576 |
|
| 710 | 2 |
_aJiban KÅgakkai. _942495 |
|
| 942 |
_2ddc _cBK |
||
| 999 |
_c546376 _d546376 |
||